| 000 | 00945nam a2200289 a 4500 | ||
|---|---|---|---|
| 003 | MX-MxUPN | ||
| 005 | 20231007063610.0 | ||
| 008 | 190308s1993 mx a r 000 0 spa d | ||
| 020 | _a9682973651 | ||
| 035 | _aUPN01000229486 | ||
| 040 |
_aMX-MxUPN _bspa _cMX-MxUPN |
||
| 041 | 0 | _aTsotsil | |
| 050 | 1 | 4 |
_aLB1578.327 T91 _bB37 1993 |
| 100 | 1 |
_aRodríguez, Mariano A. _947709 |
|
| 100 | 1 |
_aMartínez, Miguel _950173 |
|
| 100 | 1 |
_aHernández, Andrés _950174 |
|
| 100 | 1 |
_aRuiz Sánchez, Diego _943274 |
|
| 245 | 1 | 0 |
_aBats'i k'op : _blengua tsotsil, Chiapas : primer ciclo |
| 260 |
_aMéxico, D.F. : _bSecretaría de Educación Pública, _c1993. |
||
| 300 |
_a151 páginas : _bilustraciones |
||
| 650 | 4 |
_aCartilla tzotzil _98419 |
|
| 650 | 4 |
_aIndígenas de México _zChiapas _xLenguas _926832 |
|
| 650 | 4 |
_aTzotzil _xEstudio y enseñanza (Elemental) _926244 |
|
| 902 | _aVíctor Ruiz/061023 | ||
| 942 |
_2lcc _cLIBRO |
||
| 999 |
_c201581 _d201581 |
||